Sasha Banks's WrestleMania Opponents - Statistics

General Stats
  • This quiz has been taken 11 times
  • The average score is 18 of 22
Answer Stats
WrestleMania Opponent % Correct
WrestleMania 33 Bayley
100%
WrestleMania 36 Bayley
100%
WrestleMania 32 Becky Lynch
100%
WrestleMania 37 Bianca Belair
100%
WrestleMania 32 Charlotte
100%
WrestleMania 33 Charlotte
100%
WrestleMania 38 Liv Morgan
89%
WrestleMania 38 Rhea Ripley
89%
WrestleMania 35 Tamina
89%
WrestleMania 36 Tamina
89%
WrestleMania 38 Carmella
78%
WrestleMania 36 Naomi
78%
WrestleMania 35 Natalya
78%
WrestleMania 38 Natalya
78%
WrestleMania 33 Nia Jax
78%
WrestleMania 35 Nia Jax
78%
WrestleMania 38 Shayna Baszler
78%
WrestleMania 38 Zelina Vega
78%
WrestleMania 35 Beth Phoenix
67%
WrestleMania 35 Billie Kay
67%
WrestleMania 35 Peyton Royce
67%
WrestleMania 36 Lacey Evans
56%
No matching quizzes found
Score Distribution
Percent of People with Each Score
Percentile by Number Answered
Your Score History
You have not taken this quiz